000 00762nam a2200277Ia 4500
003 OSt
005 20221006144111.0
006 a|||||r|||| 00| 0
007 ta
008 221006b |||||||| |||| 00| 0 eng d
020 _c60.00
024 _a10,872
037 _cTextual
040 _aEASL
_cEASL
_beng
041 _2eng
_aeng
082 _aQ2:23, L7
100 _aTSONG-KA-PA
245 0 _aTantra in Tibet
_b The great exposition of secret mantra
260 _aLondon
_bGeorge Allen & Unwin
_c1977
300 _a252p.
_ccm.
490 _v Gen
_aWisdom of Tibet Series 3
650 _aGen
700 _a HOPKINS Jeffrey Ed.
_9650866
942 _hQ2:23, L7
_cTEXL
_2CC
999 _c1078958
_d1078958